[Event "EU-ch U18 Girls 28th"]
[Site "Riga"]
[Date "2018.08.23"]
[Round "4"]
[White "Mammadova, Susan Mutalib Q"]
[Black "Blazeka, Mihaela"]
[Result "1-0"]
[WhiteElo "1853"]
[BlackElo "2098"]
[PlyCount "71"]
[EventDate "2018.08.20"]
[EventType "swiss"]
[EventRounds "9"]
[EventCountry "LAT"]
[SourceTitle "CBM 186 Extra"]
[Source "ChessBase"]
[SourceDate "2018.08.24"]
[SourceVersion "1"]
[SourceVersionDate "2018.08.24"]
[SourceQuality "1"]

1. e4 e5 2. Nf3 Nc6 3. Bb5 a6 4. Ba4 Nf6 5. 0-0 Be7 6. Re1 b5 7. Bb3 d6 8. c3 0-0 9. h3 Nb8 10. d4 Nbd7 11. a4 Bb7 12. Nbd2 c5 13. Bc2 cxd4 14. cxd4 exd4 15. Nxd4 g6 16. axb5 Qb6 17. Nc4 Qc7 18. b3 Ne5 19. Qe2 Rfc8 20. Ra4 Qc5 21. Nxe5 dxe5 22. Ba3 Qc7 23. Bxe7 Qxe7 24. bxa6 Bxa6 25. Rxa6 exd4 26. Rxa8 Rxa8 27. e5 Nd7 28. Bd3 Qb4 29. e6 Nb6 30. e7 Re8 31. Bb5 d3 32. Bxe8 dxe2 33. Rxe2 Qxb3 34. Bxf7+ Qxf7 35. e8Q+ Qxe8 36. Rxe8+ 1-0

[Event "AZE-ch (Women)"]
[Site "Baku"]
[Date "2018.02.22"]
[Round "5"]
[White "Mammadova, Gulnar Marfat Qizi"]
[Black "Mammadova, Susan Mutalib Q"]
[Result "1-0"]
[WhiteElo "2357"]
[BlackElo "1838"]
[PlyCount "85"]
[EventDate "2018.02.18"]
[EventType "swiss"]
[EventRounds "9"]
[EventCountry "AZE"]
[SourceTitle "CBM 183 Extra"]
[Source "ChessBase"]
[SourceDate "2018.04.19"]
[SourceVersion "1"]
[SourceVersionDate "2018.04.19"]
[SourceQuality "1"]

1. e4 c5 2. Nf3 e6 3. b3 Nc6 4. Bb2 a6 5. c4 d6 6. Nc3 Nf6 7. g3 Be7 8. Bg2 0-0 9. d4 cxd4 10. Nxd4 Bd7 11. 0-0 Rc8 12. Rc1 Qb6 13. Nc2 Ne5 14. Ne3 Rfd8 15. Qe2 Bc6 16. Kh1 Ned7 17. f4 Nc5 18. Ng4 Ncd7 19. Nf2 Qa7 20. a3 b6 21. b4 Qa8 22. g4 Nf8 23. g5 Ne8 24. h4 f5 25. Nd5 exd5 26. exd5 Bd7 27. h5 Rxc4 28. Qxc4 Bb5 29. Qd4 Bxf1 30. Rxf1 b5 31. Re1 Kf7 32. h6 g6 33. Qh8 Qa7 34. Bd4 Qc7 35. Bg7 Nxg7 36. hxg7 Nd7 37. g8Q+ Rxg8 38. Qxh7+ Rg7 39. Rxe7+ Kxe7 40. Qxg7+ Kd8 41. Qh8+ Ke7 42. Qb2 Qc4 43. Nh3 1-0

[Event "Wch U16 Girls"]
[Site "Khanty-Mansiysk"]
[Date "2016.09.30"]
[Round "8"]
[White "Mammadova, Susan Mutalib Q"]
[Black "Sakorenko, Adriana"]
[Result "0-1"]
[WhiteElo "1836"]
[BlackElo "2007"]
[PlyCount "68"]
[EventDate "2016.09.22"]
[EventType "swiss"]
[EventRounds "11"]
[EventCountry "RUS"]
[SourceTitle "EXT 2017"]
[Source "ChessBase"]
[SourceDate "2016.10.25"]
[SourceVersion "1"]
[SourceVersionDate "2016.10.25"]
[SourceQuality "1"]

1. e4 e6 2. d4 d5 3. exd5 exd5 4. Bd3 Bd6 5. Ne2 Ne7 6. 0-0 0-0 7. Bf4 Bf5 8. Nbc3 c6 9. Re1 Bxd3 10. Qxd3 Ng6 11. Bxd6 Qxd6 12. Ng3 Nd7 13. Nf5 Qf6 14. Ne2 Nh4 15. Neg3 Nxf5 16. Qxf5 Rfd8 17. Qg4 Nf8 18. Re5 Ng6 19. Nh5 Qd6 20. Rae1 Qf8 21. R5e2 f5 22. Qg5 Re8 23. h3 Re4 24. f3 Rxe2 25. Rxe2 f4 26. Kh2 Qf7 27. Qg4 Rf8 28. Re6 Qf5 29. Re7 Rf7 30. Qxf5 Rxf5 31. Nxg7 Nxe7 32. Nxf5 Nxf5 33. c3 Ne3 34. b3 b5 0-1

[Event "Wch U16 Girls"]
[Site "Khanty-Mansiysk"]
[Date "2016.09.29"]
[Round "7"]
[White "Monroy Garzon, Nataly Alejandra"]
[Black "Mammadova, Susan Mutalib Q"]
[Result "0-1"]
[WhiteElo "2105"]
[BlackElo "1836"]
[PlyCount "88"]
[EventDate "2016.09.22"]
[EventType "swiss"]
[EventRounds "11"]
[EventCountry "RUS"]
[SourceTitle "EXT 2017"]
[Source "ChessBase"]
[SourceDate "2016.10.25"]
[SourceVersion "1"]
[SourceVersionDate "2016.10.25"]
[SourceQuality "1"]

1. d4 Nf6 2. c4 g6 3. Nc3 Bg7 4. e4 d6 5. h3 0-0 6. Nf3 Nbd7 7. Bg5 h6 8. Be3 e5 9. d5 Kh7 10. g4 Ng8 11. Be2 a5 12. h4 Nc5 13. g5 h5 14. Nd2 Ne7 15. a3 b6 16. b4 Nb7 17. b5 Nc5 18. Nf1 Nd7 19. Ng3 f5 20. exf5 Nxf5 21. Nxf5 Rxf5 22. Rc1 Qf8 23. Bd3 Nc5 24. Bxf5 Bxf5 25. Bxc5 bxc5 26. Qe2 Bg4 27. Qe3 e4 28. Ne2 Re8 29. Rg1 Be5 30. Rd1 Qf3 31. Kd2 Qf5 32. Rxg4 Qxg4 33. Rh1 Rf8 34. Qh3 Rxf2 35. Qxg4 hxg4 36. Ke3 Rf3+ 37. Kxe4 Rxa3 38. Rg1 g3 39. Rf1 Kg7 40. Rg1 a4 41. Nf4 Bxf4 42. Kxf4 Rc3 43. Ra1 a3 44. Kg4 g2 0-1

[Event "Wch U16 Girls"]
[Site "Khanty-Mansiysk"]
[Date "2016.09.23"]
[Round "2"]
[White "Mammadova, Susan Mutalib Q"]
[Black "Shih, Ching An"]
[Result "1-0"]
[WhiteElo "1836"]
[BlackElo "1460"]
[PlyCount "65"]
[EventDate "2016.09.22"]
[EventType "swiss"]
[EventRounds "11"]
[EventCountry "RUS"]
[SourceTitle "EXT 2017"]
[Source "ChessBase"]
[SourceDate "2016.10.25"]
[SourceVersion "1"]
[SourceVersionDate "2016.10.25"]
[SourceQuality "1"]

1. e4 e5 2. Nf3 Nc6 3. Bc4 Be7 4. 0-0 Nf6 5. d3 0-0 6. c3 d6 7. h3 Na5 8. Bb5 a6 9. Ba4 b5 10. Bc2 c5 11. Re1 Bb7 12. Nbd2 Nc6 13. Nf1 Re8 14. Ng3 g6 15. Bh6 Bf8 16. Qd2 Bg7 17. Bxg7 Kxg7 18. d4 exd4 19. cxd4 Nb4 20. Bb1 a5 21. a3 Nc6 22. dxc5 dxc5 23. Qg5 Ne7 24. e5 Nfg8 25. Nh5+ Kf8 26. Nf6 Nxf6 27. exf6 Ng8 28. Qxc5+ Ne7 29. fxe7+ Rxe7 30. Qxe7+ Qxe7 31. Rxe7 Kxe7 32. Bd3 Bxf3 33. gxf3 1-0

[Event "Wch U16 Girls"]
[Site "Khanty-Mansiysk"]
[Date "2016.09.22"]
[Round "1"]
[White "Kiolbasa, Oliwia"]
[Black "Mammadova, Susan Mutalib Q"]
[Result "1-0"]
[WhiteElo "2196"]
[BlackElo "1836"]
[PlyCount "69"]
[EventDate "2016.09.22"]
[EventType "swiss"]
[EventRounds "11"]
[EventCountry "RUS"]
[SourceTitle "EXT 2017"]
[Source "ChessBase"]
[SourceDate "2016.10.25"]
[SourceVersion "1"]
[SourceVersionDate "2016.10.25"]
[SourceQuality "1"]

1. e4 g6 2. d4 Bg7 3. Nc3 d6 4. h3 Nf6 5. Nf3 0-0 6. Be3 c6 7. a4 a5 8. Bd3 Na6 9. 0-0 Nc7 10. Re1 Nh5 11. e5 Ne6 12. Qd2 Bh8 13. Rad1 d5 14. Ne2 Nhg7 15. Nh2 b6 16. c3 Ba6 17. Bc2 Nc7 18. f4 f5 19. exf6 exf6 20. f5 g5 21. h4 h6 22. Ng4 Bc8 23. Nxh6+ Kh7 24. hxg5 Nge8 25. g6+ Kg7 26. Nf7 Rxf7 27. Bh6+ Kg8 28. gxf7+ Kxf7 29. Nf4 Nd6 30. Qe2 Nce8 31. Qh5+ Kg8 32. Qg6+ Bg7 33. Nh5 Ra7 34. Bxg7 Nxg7 35. Nxf6+ 1-0

[Event "EU School-ch U15 Girls"]
[Site "Kallithea"]
[Date "2016.06.21"]
[Round "5"]
[White "Mammadova, Susan Mutalib Q"]
[Black "Kochukova, Anna"]
[Result "1-0"]
[WhiteElo "1768"]
[BlackElo "2072"]
[PlyCount "69"]
[EventDate "2016.06.17"]
[EventType "swiss"]
[EventRounds "9"]
[EventCountry "GRE"]
[SourceTitle "EXT 2017"]
[Source "ChessBase"]
[SourceDate "2016.10.25"]
[SourceVersion "1"]
[SourceVersionDate "2016.10.25"]
[SourceQuality "1"]

1. e4 c5 2. Nf3 e6 3. d4 cxd4 4. Nxd4 Nf6 5. Nc3 d6 6. Bd3 Nc6 7. Be3 Be7 8. 0-0 0-0 9. Kh1 Bd7 10. Nb3 Be8 11. f4 Nd7 12. Qg4 Bf6 13. Qh3 g6 14. f5 exf5 15. exf5 Nce5 16. Ne4 Bg7 17. f6 Nxf6 18. Bg5 Ned7 19. Rxf6 Nxf6 20. Rf1 Bd7 21. Qh4 h5 22. Bxf6 Bxf6 23. Nxf6+ Kg7 24. Nxh5+ gxh5 25. Qg3+ Bg4 26. h3 f5 27. Bxf5 Qg5 28. hxg4 hxg4 29. Qc3+ Kh6 30. Qd2 Qxd2 31. Nxd2 Kg5 32. Ne4+ Kh4 33. Rf4 Rg8 34. g3+ Kh3 35. Rf2 1-0

[Event "EU School-ch U15 Girls"]
[Site "Kallithea"]
[Date "2016.06.19"]
[Round "3"]
[White "Mammadova, Susan Mutalib Q"]
[Black "Obolentseva, Alexandra"]
[Result "0-1"]
[WhiteElo "1768"]
[BlackElo "2338"]
[PlyCount "62"]
[EventDate "2016.06.17"]
[EventType "swiss"]
[EventRounds "9"]
[EventCountry "GRE"]
[SourceTitle "EXT 2017"]
[Source "ChessBase"]
[SourceDate "2016.10.25"]
[SourceVersion "1"]
[SourceVersionDate "2016.10.25"]
[SourceQuality "1"]

1. e4 c5 2. Nf3 d6 3. d4 cxd4 4. Nxd4 Nf6 5. Nc3 a6 6. Be2 e6 7. 0-0 Nbd7 8. Be3 Qc7 9. f4 b5 10. a3 Bb7 11. Bd3 h5 12. Kh1 Nc5 13. Qf3 Be7 14. Rac1 Rc8 15. Bg1 Qb8 16. Nb3 0-0 17. Na5 Ba8 18. b4 Nb7 19. Nxb7 Rxc3 20. Bd4 Rxd3 21. cxd3 Bxb7 22. Bxf6 Bxf6 23. Qxh5 Rc8 24. Qe2 Rc7 25. Rc2 Bd4 26. Rfc1 Rxc2 27. Qxc2 d5 28. Qc7 Qxc7 29. Rxc7 dxe4 30. dxe4 Bxe4 31. a4 bxa4 0-1

[Event "EU School-ch U15 Girls"]
[Site "Kallithea"]
[Date "2016.06.18"]
[Round "2"]
[White "Mammadova, Susan Mutalib Q"]
[Black "Ahmadova, Irada"]
[Result "1-0"]
[WhiteElo "1768"]
[BlackElo "1652"]
[PlyCount "75"]
[EventDate "2016.06.17"]
[EventType "swiss"]
[EventRounds "9"]
[EventCountry "GRE"]
[SourceTitle "EXT 2017"]
[Source "ChessBase"]
[SourceDate "2016.10.25"]
[SourceVersion "1"]
[SourceVersionDate "2016.10.25"]
[SourceQuality "1"]

1. e4 c5 2. Nf3 e6 3. d4 cxd4 4. Nxd4 a6 5. Nc3 Qc7 6. Bd3 Nf6 7. 0-0 Nc6 8. Nb3 b5 9. Kh1 Ne5 10. f4 Nxd3 11. cxd3 b4 12. Ne2 Be7 13. Be3 d5 14. Rc1 Qd8 15. e5 Ng4 16. Bg1 0-0 17. Ned4 Nh6 18. Nc6 Qd7 19. Nxe7+ Qxe7 20. Bc5 Qh4 21. Bxf8 Kxf8 22. Qe1 Qe7 23. Rc5 Qb7 24. Na5 Qb6 25. Qc1 Bd7 26. Rc7 Ke8 27. Qc5 Qxc5 28. Rxc5 Bb5 29. Rd1 Ng4 30. Kg1 Kd7 31. Nb7 Ne3 32. Rdc1 Ke7 33. Rc7+ Bd7 34. Nc5 Rd8 35. Nxa6 b3 36. axb3 Ke8 37. Nc5 Bb5 38. Nb7 1-0

[Event "World School-ch U15 Girls 11th"]
[Site "Pattaya"]
[Date "2015.05.13"]
[Round "8"]
[White "Kozybayeva, Alisa"]
[Black "Mammadova, Susan Mutalib Q"]
[Result "1-0"]
[WhiteElo "1721"]
[BlackElo "1645"]
[PlyCount "101"]
[EventDate "2015.05.07"]
[EventType "swiss"]
[EventRounds "9"]
[EventCountry "THA"]
[SourceTitle "CBM 166 Extra"]
[Source "ChessBase"]
[SourceDate "2015.06.18"]
[SourceVersion "1"]
[SourceVersionDate "2015.06.18"]
[SourceQuality "1"]

1. d4 Nf6 2. c4 g6 3. Nc3 Bg7 4. e4 d6 5. f3 0-0 6. Be3 Nbd7 7. Nh3 c5 8. d5 Qb6 9. Qd2 Ne5 10. Nf2 Qb4 11. Nb5 Qxd2+ 12. Bxd2 Bd7 13. Nc3 a6 14. a4 Nh5 15. Be2 f5 16. f4 Ng4 17. Nxg4 fxg4 18. 0-0 Bd4+ 19. Kh1 Nf6 20. Bd3 e5 21. g3 Rae8 22. Rfe1 Nh5 23. fxe5 Rxe5 24. Rf1 Rf3 25. Bc2 Nxg3+ 26. hxg3 Rxg3 27. Kh2 Rh3+ 28. Kg2 g3 29. Rh1 Reh5 30. Rxh3 Rxh3 31. Rh1 Rxh1 32. Kxh1 h5 33. Bg5 Bh3 34. Ne2 Bf2 35. e5 Bf1 36. Ng1 Bxc4 37. Be4 dxe5 38. Kg2 Bd4 39. Kxg3 Bxg1 40. d6 Be6 41. Bxb7 Bd7 42. Bxa6 Bd4 43. Bb5 Bf5 44. d7 Bxd7 45. Bxd7 Bxb2 46. a5 e4 47. a6 Be5+ 48. Bf4 h4+ 49. Kg4 e3 50. Bxe5 e2 51. Bc3 1-0

[Event "World School-ch U15 Girls 11th"]
[Site "Pattaya"]
[Date "2015.05.10"]
[Round "5"]
[White "Mammadova, Susan Mutalib Q"]
[Black "Rosado Perez, Maria Jose"]
[Result "0-1"]
[WhiteElo "1645"]
[BlackElo "1912"]
[PlyCount "60"]
[EventDate "2015.05.07"]
[EventType "swiss"]
[EventRounds "9"]
[EventCountry "THA"]
[SourceTitle "CBM 166 Extra"]
[Source "ChessBase"]
[SourceDate "2015.06.18"]
[SourceVersion "1"]
[SourceVersionDate "2015.06.18"]
[SourceQuality "1"]

1. e4 c5 2. Nf3 a6 3. d4 cxd4 4. Nxd4 Nf6 5. Nc3 e5 6. Nb3 Bb4 7. Bd3 d5 8. exd5 Nxd5 9. Bd2 Nxc3 10. bxc3 Bd6 11. 0-0 0-0 12. c4 Nc6 13. c5 Bc7 14. Qh5 f5 15. Bg5 Qe8 16. Qh4 e4 17. Bc4+ Kh8 18. Bf4 Ne5 19. Qg3 Rf6 20. Bd5 Rg6 21. Qe3 Nf3+ 22. Kh1 Bxf4 23. Qxf4 Rg4 24. Qe3 Qh5 25. gxf3 Rh4 26. fxe4 f4 27. Bf7 Rxh2+ 28. Kg1 Rh1+ 29. Kg2 f3+ 30. Kg3 Qg4# 0-1